Инвестиции в экономике Сингапура; Информационные технологии в науке, управлении, социальной сфере и медицине; Ч. 2
| Parent link: | Информационные технологии в науке, управлении, социальной сфере и медицине: сборник научных трудов Международной конференции с международным участием , 29 апреля - 2 мая 2014 г., Томск/ Национальный исследовательский Томский политехнический университет (ТПУ).— , 2014 Ч. 2.— 2014.— [С. 204-206] |
|---|---|
| Autor principal: | |
| Autor Corporativo: | |
| Outros Autores: | |
| Resumo: | Заглавие с титульного экрана This article is about investments in economy of Singapore, including the sphere of information technologies. It emphasizes on such important aspects of this issue as the reasons of Singapore economic success, the state of investment climate inside the country, the main features of investments in information technologies of Singapore and possible prospects of investing to economy of this highly developed country. Besides, there is some statistic information about the positions of Singapore in top rankings. |
| Idioma: | russo |
| Publicado em: |
2014
|
| Colecção: | Информационные технологии в финансовой сфере и маркетинге |
| Assuntos: | |
| Acesso em linha: | http://www.lib.tpu.ru/fulltext/c/2014/C24/V2/079.pdf |
| Formato: | Recurso Electrónico Capítulo de Livro |
| KOHA link: | https://koha.lib.tpu.ru/cgi-bin/koha/opac-detail.pl?biblionumber=608128 |
MARC
| LEADER | 00000naa2a2200000 4500 | ||
|---|---|---|---|
| 001 | 608128 | ||
| 005 | 20260317160100.0 | ||
| 035 | |a (RuTPU)RU\TPU\conf\5558 | ||
| 035 | |a RU\TPU\conf\5556 | ||
| 090 | |a 608128 | ||
| 100 | |a 20140917d2014 k y0rusy50 ca | ||
| 101 | 0 | |a rus | |
| 102 | |a RU | ||
| 135 | |a drgn ---uucaa | ||
| 181 | 0 | |a i | |
| 182 | 0 | |a b | |
| 200 | 1 | |a Инвестиции в экономике Сингапура |d Investments in economy of Singapore |f А. В. Коптырева, Е. Ю. Калмыкова | |
| 203 | |a Текст |c электронный | ||
| 225 | 1 | |a Информационные технологии в финансовой сфере и маркетинге | |
| 300 | |a Заглавие с титульного экрана | ||
| 320 | |a [Библиогр.: с. 206 (4 назв.)] | ||
| 330 | |a This article is about investments in economy of Singapore, including the sphere of information technologies. It emphasizes on such important aspects of this issue as the reasons of Singapore economic success, the state of investment climate inside the country, the main features of investments in information technologies of Singapore and possible prospects of investing to economy of this highly developed country. Besides, there is some statistic information about the positions of Singapore in top rankings. | ||
| 337 | |a Adobe Reader | ||
| 461 | 1 | |0 (RuTPU)RU\TPU\conf\4263 |t Информационные технологии в науке, управлении, социальной сфере и медицине |o сборник научных трудов Международной конференции с международным участием , 29 апреля - 2 мая 2014 г., Томск |o в 2 ч. |f Национальный исследовательский Томский политехнический университет (ТПУ) |d 2014 | |
| 463 | 1 | |0 (RuTPU)RU\TPU\conf\4265 |t Ч. 2 |v [С. 204-206] |d 2014 | |
| 510 | 1 | |a Investments in economy of Singapore |z eng | |
| 610 | 1 | |a труды учёных ТПУ | |
| 610 | 1 | |a электронные ресурсы | |
| 610 | 1 | |a инвестиции | |
| 610 | 1 | |a Сингапур | |
| 610 | 1 | |a экономика | |
| 610 | 1 | |a информационные технологии | |
| 610 | 1 | |a статистическая информация | |
| 700 | 1 | |a Коптырева |b А. В. | |
| 701 | 1 | |a Калмыкова |b Е. Ю. |c специалист в области менеджмента |c доцент Томского политехнического университета, кандидат экономических наук |f 1962- |g Екатерина Юрьевна |3 (RuTPU)RU\TPU\pers\27167 | |
| 712 | 0 | 2 | |a Национальный исследовательский Томский политехнический университет (ТПУ) |b Институт социально-гуманитарных технологий (ИСГТ) |b Кафедра менеджмента (МЕН) |3 (RuTPU)RU\TPU\col\18855 |
| 801 | 2 | |a RU |b 63413507 |c 20140917 |g RCR | |
| 856 | 4 | |u http://www.lib.tpu.ru/fulltext/c/2014/C24/V2/079.pdf | |
| 942 | |c BK | ||